La Comarca de l'Alta Ribagorça / Marc-Aureli Vila
Publicado:
Barcelona :
Generalitat de Catalunya, Departament de la Presidència, Departament de Governació ,
1990
Descripción Física:
191 p. : il., col, 1 map. pleg. ; 22 cm
Colección:
Població i territori ; 6
MARC
| LEADER | 00000nam a2200000Ia 4500 | ||
|---|---|---|---|
| 001 | 8978 | ||
| 008 | 160829s1990 xx 000 0 cat d | ||
| 080 | |a H-1-151 | ||
| 100 | |a Vila, Marc-Aureli |9 25625 | ||
| 245 | |a La Comarca de l'Alta Ribagorça / Marc-Aureli Vila | ||
| 260 | |a Barcelona : |b Generalitat de Catalunya, Departament de la Presidència, Departament de Governació, |c 1990 | ||
| 300 | |a 191 p. : |b il., col, 1 map. pleg. ; |c 22 cm | ||
| 490 | |a Població i territori ; 6 | ||
| 590 | |a Hi ha un mapa que complementa el llibre, Calaixera E, calaix núm. 8 | ||
| 651 | 0 | |a Alta Ribagorça (Catalunya) |x Descripcions i viatges |9 55447 | |
| 710 | |a Catalunya. |b Departament de Governació |9 16938 | ||
| 710 | |a Catalunya. |b Departament de la Presidència |9 10777 | ||
| 901 | |a Arxiu | ||
| 942 | |n 1 | ||
| 952 | |0 0 |1 0 |4 0 |6 H1151 |7 1 |9 55070 |a Arxiu |b Arxiu |d 2016-12-01 |l 0 |o H-1-151 |p 8978 |r 2016-12-01 00:00:00 |w 2016-12-01 |y ARXIU | ||
| 999 | |c 58941 |d 58941 | ||